Wszystkie kuliste księżyce w Układzie Słonecznym - Statystyki

Ogólne statystyki
  • Ten quiz został rozwiązany 248 razy
  • Średni wynik to 9 z 20
Statystyki odpowiedzi
L.p. Promień równikowy km Księżyc Obiegane ciało
niebieskie
% Poprawnych
5. 1737,1 Księżyc Ziemia
96%
6. 1560,8 Europa Jowisz
86%
4. 1821,6 Io Jowisz
84%
2. 2576 Tytan Saturn
80%
1. 2634,1 Ganimedes Jowisz
78%
3. 2410,3 Kallisto Jowisz
63%
12. 606 Charon Pluton
51%
7. 1353,4 Tryton Neptun
46%
8. 788,4 Tytania Uran
39%
18. 252,1 Enceladus Saturn
34%
14. 578,9 Ariel Uran
33%
20. 198.2 Mimas Saturn
28%
10. 761,4 Oberon Uran
28%
9. 763,8 Rea Saturn
27%
13. 584,7 Umbriel Uran
27%
11. 734,5 Japet Saturn
26%
19. 235,8 Miranda Uran
25%
15. 561,4 Dione Saturn
19%
17. 342 Dysnomia Eris
16%
16. 531,1 Tetyda Saturn
16%
Nie znaleziono quizów pasujących do podanych kryteriów
Rozkład punktacji
Procent ludzi z każdym wynikiem
Percentyl według liczby udzielonych odpowiedzi
Twoja historia wyników
Nie rozwiązałeś tego quizu